Study of sheet metal cutting using low power carbon dioxide laser machine /
Saved in:
| Main Author: | |
|---|---|
| Format: | Thesis Book |
| Language: | English |
| Published: |
2001.
|
| Subjects: | |
| Tags: |
Add Tag
No Tags, Be the first to tag this record!
|
| LEADER | 00882nam a2200229 a 4500 | ||
|---|---|---|---|
| 001 | u698221 | ||
| 003 | SIRSI | ||
| 008 | 040914s2001 my a t 00 10 eng m | ||
| 035 | |a ADC-5412 | ||
| 040 | |a UMJ | ||
| 097 | |a TS176 |b UM 2001 Cha | ||
| 100 | 1 | |a Chandrasekariah, Sastry. | |
| 245 | 1 | 0 | |a Study of sheet metal cutting using low power carbon dioxide laser machine / |c Sastry Chandrasekariah. |
| 260 | |c 2001. | ||
| 300 | |a x, 93 leaves : |b ill. ; |c 28 cm. | ||
| 502 | |a Dissertation (M.Eng.Sc.) -- Jabatan Kejuruteraan Rekabentuk dan Pembuatan, Fakulti Kejuruteraan, Universiti Malaya, 2003. | ||
| 504 | |a Bibliography: leaves 90-91. | ||
| 650 | 0 | |a Metal-cutting. | |
| 710 | 2 | |a Universiti Malaya. |b Jabatan Kejuruteraan Rekabentuk dan Pembuatan. | |
| 900 | |a SB | ||
| 596 | |a 7 | ||
| 999 | |a TS176 UM 2001 CHA |w LC |c 1 |i A511881708 |d 23/12/2008 |f 23/12/2008 |g 1 |l STACKS |m P07JURUTER |r Y |s Y |t TESIS |u 19/12/2008 | ||
